<?xml version="1.0" encoding="UTF-8"?>
<record
    xmlns:xsi="http://www.w3.org/2001/XMLSchema-instance"
    xsi:schemaLocation="http://www.loc.gov/MARC21/slim http://www.loc.gov/standards/marcxml/schema/MARC21slim.xsd"
    xmlns="http://www.loc.gov/MARC21/slim">

  <leader>01293nam a2200229Ia 4500</leader>
  <controlfield tag="001">L251-17978</controlfield>
  <controlfield tag="003">IT-CnALBA</controlfield>
  <controlfield tag="008">170116s9999||||xx |||||||||||||| ||und||</controlfield>
  <datafield tag="040" ind1=" " ind2=" ">
    <subfield code="a">IT-CnALBA</subfield>
    <subfield code="c">IT-CnALBA</subfield>
  </datafield>
  <datafield tag="041" ind1=" " ind2=" ">
    <subfield code="a">ITALIANO</subfield>
  </datafield>
  <datafield tag="100" ind1=" " ind2=" ">
    <subfield code="a">FRANCO P. SECONDO, SJ.</subfield>
  </datafield>
  <datafield tag="245" ind1=" " ind2="0">
    <subfield code="a">OPERE. VOL. IV, PARTE I: DEVOZIONE AL SACRO CUORE DI GES&#xD9;. IL MESE DI GIUGNO CONSACRATO... </subfield>
  </datafield>
  <datafield tag="250" ind1=" " ind2=" ">
    <subfield code="a">2a ed.</subfield>
  </datafield>
  <datafield tag="260" ind1=" " ind2=" ">
    <subfield code="a">ARC. MODENA.</subfield>
    <subfield code="b">IMMAC. CONCEZ. TIP. PONT.</subfield>
    <subfield code="c">1882 [1&#xB0; Ed.: - Ed.Ling.Originale: 1854]</subfield>
  </datafield>
  <datafield tag="300" ind1=" " ind2=" ">
    <subfield code="a">654 p. (prefazione: 3)</subfield>
  </datafield>
  <datafield tag="500" ind1=" " ind2=" ">
    <subfield code="a">ECCELLENZA E FRUTTI DELLA DEVOZIONE AL CUORE DI GES&#xD9;. CONOSCENZA. AMORE. IMITAZIONE.. CONFIDENZA. UNIONE. SICUREZZA. CONFORTO. B. MARGHERITA M. ALACOQUE. S. GERTRUDE. METILDE. APOSTOLATO DELLA PREGHIERA. IL CUORE DI GES&#xD9;, MODELLO DI OGNI VIRT&#xD9;. (CFR. 6639</subfield>
  </datafield>
  <datafield tag="501" ind1=" " ind2=" ">
    <subfield code="a">Societ&#xE0; San Paolo EM - Piazza San Paolo, 14 - 12051 ALBA (CN)  (non commercial uses only) &#xAE; Copyright 2017</subfield>
  </datafield>
  <datafield tag="520" ind1=" " ind2=" ">
    <subfield code="a">ECCELLENZA E FRUTTI DELLA DEVOZIONE AL CUORE DI GES&#xD9;. CONOSCENZA. AMORE. IMITAZIONE.. CONFIDENZA. UNIONE. SICUREZZA. CONFORTO. B. MARGHERITA M. ALACOQUE. S. GERTRUDE. METILDE. APOSTOLATO DELLA PREGHIERA. IL CUORE DI GES&#xD9;, MODELLO DI OGNI VIRT&#xD9;. (CFR. 6639</subfield>
  </datafield>
  <datafield tag="650" ind1=" " ind2=" ">
    <subfield code="a">PREDICAZIONE - ORATORIA SACRA</subfield>
  </datafield>
  <datafield tag="942" ind1=" " ind2=" ">
    <subfield code="c">BK</subfield>
  </datafield>
  <datafield tag="957" ind1=" " ind2=" ">
    <subfield code="7">1</subfield>
  </datafield>
  <datafield tag="999" ind1=" " ind2=" ">
    <subfield code="a">22723</subfield>
    <subfield code="b">SI </subfield>
    <subfield code="g"> Copie: 1 </subfield>
    <subfield code="c">277108</subfield>
    <subfield code="d">277108</subfield>
  </datafield>
  <datafield tag="952" ind1=" " ind2=" ">
    <subfield code="0">0</subfield>
    <subfield code="1">0</subfield>
    <subfield code="4">0</subfield>
    <subfield code="6">L_25117978</subfield>
    <subfield code="7">1</subfield>
    <subfield code="a">ALBA</subfield>
    <subfield code="b">ALBA</subfield>
    <subfield code="d">2017-01-16</subfield>
    <subfield code="l">0</subfield>
    <subfield code="o">L251-17978</subfield>
    <subfield code="r">2017-01-16 00:00:00</subfield>
    <subfield code="w">2017-01-16</subfield>
    <subfield code="y">BK</subfield>
    <subfield code="z">(data import: 16 gennaio 2017) - By Epidotti, Vaglietti. </subfield>
  </datafield>
</record>
